[Event "Mediterranean-ch 13th"]
[Site "Platja d'Aro"]
[Date "2023.11.07"]
[Round "5"]
[White "Mateu Guiu, Esteve"]
[Black "De Lomas Busquets, Alba"]
[Result "1/2-1/2"]
[WhiteElo "2075"]
[BlackElo "1879"]
[PlyCount "156"]
[EventDate "2023.11.04"]
[EventType "swiss"]
[EventRounds "9"]
[EventCountry "ESP"]
[SourceTitle "CB46_2023"]
[SourceDate "2023.11.15"]
[SourceVersion "1"]
[SourceVersionDate "2023.11.15"]
[SourceQuality "1"]

1. d4 d5 2. c4 e6 3. Nf3 Be7 4. g3 Nf6 5. Bg2 h6 6. Nc3 0-0 7. 0-0 dxc4 8. Ne5 c5 9. dxc5 Bxc5 10. Nxc4 Nc6 11. Bf4 Qe7 12. Bd6 Bxd6 13. Qxd6 Nd5 14. Qxe7 Ncxe7 15. Rac1 Rb8 16. Rfd1 b5 17. Nxd5 Nxd5 18. Ne5 Re8 19. e4 Nf6 20. Rc7 Bb7 21. Nxf7 Rec8 22. Rxc8+ Rxc8 23. Nd6 Rd8 24. e5 Bxg2 25. Kxg2 Ng4 26. Re1 Nxe5 27. Rxe5 Rxd6 28. Rxb5 Rd7 29. a4 Kf7 30. h4 g6 31. Rb8 Kf6 32. b4 Rd4 33. Kf3 g5 34. hxg5+ hxg5 35. Rb5 e5 36. Ke3 g4 37. a5 Kf5 38. Rb7 Kf6 39. b5 Rd5 40. b6 Rxa5 41. bxa7 Ke6 42. Kd3 Kd6 43. Ke4 Ke6 44. Rh7 Ra4+ 45. Kd3 Kd5 46. Kc3 Kc5 47. Kb3 Ra6 48. Rg7 Rb6+ 49. Kc3 Ra6 50. Kd3 Kd5 51. Ke3 Ra3+ 52. Ke2 Ra2+ 53. Kf1 Ke4 54. Kg2 Kf5 55. Rf7+ Ke6 56. Rg7 Kf5 57. Kf1 Ke4 58. Kg2 Kf5 59. Kf1 Ke4 60. Ke1 Kd3 61. Rd7+ Kc3 62. Kd1 Kc4 63. Kc1 Kc3 64. Kd1 Kc4 65. Ke1 Kc5 66. Kf1 Kc6 67. Rg7 Kd5 68. Kg2 Ke6 69. Rxg4 Rxa7 70. Rb4 Kf5 71. g4+ Kg5 72. Kg3 Ra3+ 73. f3 Ra5 74. Rb8 Ra3 75. Re8 Kf6 76. Rf8+ Kg7 77. Rf5 e4 78. Rf4 Rxf3+ 1/2-1/2

[Event "Catalunya-chT Gp2 Final"]
[Site "Barcelona"]
[Date "2023.03.18"]
[Round "2.9"]
[White "Lambert Pont, Michael"]
[Black "Mateu Guiu, Esteve"]
[Result "1/2-1/2"]
[WhiteElo "2058"]
[BlackElo "2071"]
[PlyCount "27"]
[EventDate "2023.03.11"]
[EventType "team-k.o."]
[EventRounds "4"]
[EventCountry "ESP"]
[SourceTitle "EXT 2024"]
[Source "ChessBase"]
[SourceDate "2023.10.10"]
[SourceVersion "1"]
[SourceVersionDate "2023.10.10"]
[SourceQuality "1"]
[WhiteTeam "Mollet"]
[BlackTeam "Andorra"]
[WhiteTeamCountry "ESP"]
[BlackTeamCountry "AND"]

1. d4 Nf6 2. Bf4 e6 3. Nf3 c5 4. e3 Nc6 5. c3 d5 6. Nbd2 Nh5 7. Bg5 f6 8. Bh4 g6 9. Ne5 Be7 10. Nxc6 bxc6 11. Be2 Ng7 12. f4 0-0 13. 0-0 Qb6 14. Qb3 1/2-1/2

[Event "Catalunya-chT Gp1"]
[Site "Barcelona"]
[Date "2023.02.11"]
[Round "4.10"]
[White "Carrasco Rodriguez, Jesus"]
[Black "Mateu Guiu, Esteve"]
[Result "0-1"]
[WhiteElo "2167"]
[BlackElo "2017"]
[PlyCount "78"]
[EventDate "2023.01.21"]
[EventType "team-tourn"]
[EventRounds "7"]
[EventCountry "ESP"]
[SourceTitle "CBM 213 Extra"]
[Source "ChessBase"]
[SourceDate "2023.05.31"]
[SourceVersion "1"]
[SourceVersionDate "2023.05.31"]
[SourceQuality "1"]
[WhiteTeam "Badalona Cor de Marina"]
[BlackTeam "Andorra"]
[WhiteTeamCountry "ESP"]
[BlackTeamCountry "AND"]

1. d4 Nf6 2. Bf4 e6 3. Nd2 c5 4. e3 Nc6 5. c3 d5 6. Bd3 Bd6 7. Bg3 e5 8. Ne2 0-0 9. 0-0 Re8 10. Bb5 Bd7 11. c4 a6 12. Bxc6 Bxc6 13. dxe5 Bxe5 14. Bxe5 Rxe5 15. Nf3 Re7 16. Nd2 Rd7 17. Qb3 Qe7 18. f3 Re8 19. Ng3 Qxe3+ 20. Qxe3 Rxe3 21. Rae1 Rd3 22. Nb1 dxc4 23. Nh5 Kf8 24. Nf4 R3d4 25. Ne2 R4d6 26. Nbc3 Rd2 27. b3 cxb3 28. axb3 Rb2 29. Nc1 Rdd2 30. Re2 Rxe2 31. N3xe2 Bb5 32. Rf2 Rc2 33. g3 Nd5 34. h3 Nc3 35. g4 Nxe2+ 36. Nxe2 Rxe2 37. Kg2 Bd3 38. Kg3 Rxf2 39. Kxf2 Bc2 0-1

[Event "Catalunya-chT Gp1"]
[Site "Barcelona"]
[Date "2023.01.21"]
[Round "?"]
[White "Perez Bolanos, Joel"]
[Black "Mateu Guiu, Esteve"]
[Result "1/2-1/2"]
[WhiteElo "2109"]
[BlackElo "2017"]
[PlyCount "65"]
[EventDate "2023.01.21"]
[EventType "team-tourn"]
[EventRounds "7"]
[EventCountry "ESP"]
[SourceTitle "CBM 212 Extra"]
[Source "ChessBase"]
[SourceDate "2023.03.31"]
[SourceVersion "1"]
[SourceVersionDate "2023.03.31"]
[SourceQuality "1"]
[WhiteTeam "Barbera"]
[BlackTeam "Andorra"]
[WhiteTeamCountry "ESP"]
[BlackTeamCountry "AND"]

1. d4 Nf6 2. Nf3 e6 3. e3 c5 4. Bd3 Nc6 5. 0-0 d5 6. b3 Bd6 7. Bb2 Qc7 8. dxc5 Bxc5 9. c4 dxc4 10. Bxc4 Qe7 11. a3 a5 12. Nbd2 0-0 13. Qc2 Rd8 14. Ng5 h6 15. Bxf6 Qxf6 16. Qh7+ Kf8 17. Nge4 Qg6 18. Qxg6 fxg6 19. Nxc5 Rxd2 20. Rfd1 Rxd1+ 21. Rxd1 Ke7 22. Bd3 g5 23. Be4 Rb8 24. Bxc6 bxc6 25. a4 e5 26. e4 Be6 27. Rd3 Rb4 28. Kf1 g4 29. Ke2 h5 30. Rc3 Bf7 31. Rd3 Be6 32. Rc3 Bf7 33. Rd3 1/2-1/2

[Event "Keres Memorial rap 31st"]
[Site "Tallinn"]
[Date "2022.09.10"]
[Round "3"]
[White "Cruz Lledo, Pablo"]
[Black "Mateu Guiu, Esteve"]
[Result "0-1"]
[WhiteElo "2406"]
[BlackElo "2071"]
[PlyCount "124"]
[EventDate "2022.09.10"]
[EventType "swiss (rapid)"]
[EventRounds "11"]
[EventCountry "EST"]
[SourceTitle "CBM 210 Extra"]
[Source "ChessBase"]
[SourceDate "2022.11.30"]
[SourceVersion "1"]
[SourceVersionDate "2022.11.30"]
[SourceQuality "1"]

1. d4 Nf6 2. c4 b6 3. Nc3 Bb7 4. d5 e6 5. e4 exd5 6. exd5 Bb4 7. Nf3 0-0 8. Be2 Ne4 9. Qc2 Bxc3+ 10. bxc3 Re8 11. 0-0 d6 12. Bd3 Nf6 13. Bg5 h6 14. Bh4 Nbd7 15. Rfe1 Rxe1+ 16. Rxe1 Qf8 17. h3 Re8 18. Ra1 Bc8 19. Nd4 a6 20. a4 g5 21. Bg3 Nc5 22. Bf5 Bxf5 23. Nxf5 Nfe4 24. Kh2 Nxg3 25. fxg3 Re5 26. g4 Re4 27. Ng3 Re3 28. Rf1 Qe7 29. Nf5 Qe5+ 30. Kg1 Re1 31. Nxh6+ Kf8 32. Qf2 Rxf1+ 33. Qxf1 Qe3+ 34. Kh1 Qf4 35. Qe1 Nd3 36. Qe2 Qc1+ 37. Kh2 Qxc3 38. Kh1 Qa1+ 39. Kh2 Qe5+ 40. Qxe5 Nxe5 41. Nf5 Nxc4 42. g3 b5 43. axb5 axb5 44. Kg2 b4 45. Nd4 Ne3+ 46. Kf3 Nxd5 47. Ke4 Nc3+ 48. Kd3 c5 49. Nb3 Nd5 50. Ke4 Nf6+ 51. Kf5 c4 52. Nd2 c3 53. Nb3 Ke7 54. Kxg5 Ne4+ 55. Kf4 Nd2 56. Nd4 b3 57. Ne2 c2 58. Ke3 b2 59. Kxd2 b1Q 60. Nc1 Kf6 61. h4 Kg6 62. g5 Kh5 0-1

[Event "Keres Memorial rap 31st"]
[Site "Tallinn"]
[Date "2022.09.10"]
[Round "5"]
[White "Mateu Guiu, Esteve"]
[Black "Kanep, Meelis"]
[Result "0-1"]
[WhiteElo "2071"]
[BlackElo "2412"]
[PlyCount "150"]
[EventDate "2022.09.10"]
[EventType "swiss (rapid)"]
[EventRounds "11"]
[EventCountry "EST"]
[SourceTitle "CBM 210 Extra"]
[Source "ChessBase"]
[SourceDate "2022.11.30"]
[SourceVersion "1"]
[SourceVersionDate "2022.11.30"]
[SourceQuality "1"]

1. d4 Nf6 2. c4 g6 3. g3 Bg7 4. Bg2 0-0 5. Nc3 d6 6. Nf3 c6 7. 0-0 Qb6 8. Qc2 Bg4 9. Rd1 Nbd7 10. b3 e5 11. d5 cxd5 12. cxd5 Rac8 13. Bb2 Nc5 14. Qd2 Nce4 15. Qe1 Nxc3 16. Bxc3 Ne4 17. Ba5 Qb5 18. Rac1 f5 19. Rxc8 Rxc8 20. h3 Bxf3 21. Bxf3 Nf6 22. Qb4 Qd7 23. Qd2 e4 24. Bg2 Rc5 25. Bc3 Rxd5 26. Qe1 Rxd1 27. Qxd1 Ne8 28. Bxg7 Qxg7 29. e3 Qe5 30. Bf1 Kg7 31. Qc2 Qc5 32. Qd2 Nf6 33. b4 Qe5 34. Qc2 d5 35. Qc5 b6 36. Qb5 Qd6 37. a4 d4 38. exd4 Qxd4 39. a5 e3 40. fxe3 Qxe3+ 41. Kh2 f4 42. gxf4 Qxf4+ 43. Kg1 Ne4 44. Qe2 Ng5 45. axb6 axb6 46. b5 Qg3+ 47. Kh1 Qf3+ 48. Qxf3 Nxf3 49. Kg2 Nd4 50. Kg3 Kf6 51. Kf4 Ke6 52. Kg5 Kf7 53. Kh6 Kg8 54. h4 Nf5+ 55. Kg5 Kg7 56. Bd3 Nd6 57. Kf4 Kf6 58. Be2 Nf5 59. h5 g5+ 60. Kg4 Nd4 61. Bd3 h6 62. Bc4 Ke5 63. Bd3 Kd5 64. Bf1 Kc5 65. Bd3 Kb4 66. Bf1 Kc3 67. Kg3 Kd2 68. Bc4 Ke3 69. Kg4 Ke4 70. Bf1 Ke5 71. Bc4 Nc2 72. Bd3 Ne3+ 73. Kf3 Nd5 74. Kg4 Nf6+ 75. Kg3 Nxh5+ 0-1

[Event "Keres Memorial rap 31st"]
[Site "Tallinn"]
[Date "2022.09.10"]
[Round "4"]
[White "Mateu Guiu, Esteve"]
[Black "Stremavicius, Titas"]
[Result "0-1"]
[WhiteElo "2071"]
[BlackElo "2515"]
[PlyCount "64"]
[EventDate "2022.09.10"]
[EventType "swiss (rapid)"]
[EventRounds "11"]
[EventCountry "EST"]
[SourceTitle "CBM 210 Extra"]
[Source "ChessBase"]
[SourceDate "2022.11.30"]
[SourceVersion "1"]
[SourceVersionDate "2022.11.30"]
[SourceQuality "1"]

1. d4 d6 2. Nf3 g6 3. c4 Bg7 4. Nc3 Nc6 5. g3 Bg4 6. d5 Na5 7. Qa4+ c6 8. dxc6 Nxc6 9. Bg2 Bd7 10. 0-0 Rc8 11. Qd1 Na5 12. Nd2 Nh6 13. Rb1 b6 14. Nb5 Nxc4 15. Nxa7 Nxd2 16. Bxd2 Rc7 17. Bxh6 Bxh6 18. Qd4 0-0 19. Qxb6 Qb8 20. Qxb8 Rxb8 21. b4 Rxa7 22. e3 Rxa2 23. Rfc1 Bf5 24. Rb3 Bg7 25. b5 Rb2 26. Rxb2 Bxb2 27. Rc7 Kf8 28. Bf1 Ba3 29. Kg2 Bc5 30. Kf3 Ke8 31. Bc4 Bd7 32. Bxf7+ Kd8 0-1

[Event "Catalunya-chT Gp1"]
[Site "Barcelona"]
[Date "2022.02.26"]
[Round "6.5"]
[White "Mateu Guiu, Esteve"]
[Black "Pascual Sauch, Angel"]
[Result "1-0"]
[WhiteElo "2043"]
[BlackElo "2106"]
[PlyCount "55"]
[EventDate "2022.01.22"]
[EventType "team-tourn"]
[EventRounds "9"]
[EventCountry "ESP"]
[SourceTitle "CBM 208 Extra"]
[Source "ChessBase"]
[SourceDate "2022.07.31"]
[SourceVersion "1"]
[SourceVersionDate "2022.07.31"]
[SourceQuality "1"]
[WhiteTeam "Geva CEA"]
[BlackTeam "Terrassa"]
[WhiteTeamCountry "ESP"]
[BlackTeamCountry "ESP"]

1. d4 Nf6 2. Nf3 e6 3. Bf4 d5 4. e3 Bd6 5. Bd3 c6 6. Nbd2 Qc7 7. Bg3 Nbd7 8. Qe2 0-0 9. e4 dxe4 10. Nxe4 Nxe4 11. Qxe4 Nf6 12. Qh4 Qa5+ 13. c3 Be7 14. Bxh7+ Nxh7 15. Qxe7 Nf6 16. 0-0 Re8 17. Qd6 Qb5 18. Rab1 Qa5 19. a3 b6 20. Rfe1 Bb7 21. Bh4 c5 22. Ne5 Rac8 23. Bxf6 gxf6 24. Nd7 Red8 25. Qg3+ Kh8 26. Qh4+ Kg7 27. Qg4+ Kh8 28. Re3 1-0

[Event "Catalunya-chT Gp1"]
[Site "Barcelona"]
[Date "2022.01.22"]
[Round "1.7"]
[White "Mateu Guiu, Esteve"]
[Black "Travesset Ribera, Joaquin"]
[Result "1/2-1/2"]
[WhiteElo "2043"]
[BlackElo "2138"]
[PlyCount "131"]
[EventDate "2022.01.22"]
[EventType "team-tourn"]
[EventRounds "9"]
[EventCountry "ESP"]
[SourceTitle "CBM 206 Extra"]
[Source "ChessBase"]
[SourceDate "2022.03.31"]
[SourceVersion "1"]
[SourceVersionDate "2022.03.31"]
[SourceQuality "1"]
[WhiteTeam "Geva CEA"]
[BlackTeam "Mollet"]
[WhiteTeamCountry "ESP"]
[BlackTeamCountry "ESP"]

1. d4 d6 2. e4 g6 3. Nc3 Bg7 4. Be3 Nd7 5. h4 h5 6. Nh3 a6 7. Ng5 e6 8. a4 Nh6 9. f3 c6 10. Be2 Qe7 11. Qd2 f6 12. Nh3 e5 13. d5 c5 14. a5 Nf7 15. Nf2 f5 16. Nd3 b5 17. axb6 Nxb6 18. b3 Bh6 19. Nb2 Bxe3 20. Qxe3 f4 21. Qd2 0-0 22. Nca4 Nxa4 23. Rxa4 Kh7 24. Nc4 Bd7 25. Ra2 Bb5 26. Na5 Nh6 27. Bc4 g5 28. hxg5 Qxg5 29. Qf2 Rg8 30. c3 Rg7 31. Qh4 Qxh4+ 32. Rxh4 Kg6 33. Kd2 Ng8 34. Kd3 Nf6 35. Rh1 Rh7 36. Nc6 Bxc4+ 37. Kxc4 h4 38. b4 cxb4 39. cxb4 Nd7 40. Kd3 Kg5 41. Rha1 h3 42. gxh3 Rxh3 43. Rg2+ Rg3 44. Rag1 Kh4 45. Ke2 Nf6 46. Kf2 Nh5 47. Rh2+ Kg5 48. Rgh1 Rh8 49. Ne7 Kf6 50. Nf5 Rg5 51. Nxd6 Kg6 52. Nf5 Rb8 53. Ne7+ Kh6 54. Nc6 Rb7 55. Rd1 a5 56. d6 Rgg7 57. Rg2 Ng3 58. Rb1 axb4 59. Rxb4 Rxb4 60. Nxb4 Rd7 61. Nd5 Rxd6 62. Rh2+ Kg5 63. Rh8 Ra6 64. Rg8+ Kh4 65. Rh8+ Kg5 66. Rg8+ 1/2-1/2

[Event "EU Small Countries ol 4th"]
[Site "Saint Peter Port"]
[Date "2015.04.24"]
[Round "8.3"]
[White "Mateu Guiu, Esteve"]
[Black "Darmanin, Jake"]
[Result "0-1"]
[WhiteElo "2034"]
[BlackElo "1984"]
[PlyCount "70"]
[EventDate "2015.04.19"]
[EventType "team-tourn"]
[EventRounds "9"]
[EventCountry "GCI"]
[SourceTitle "CBM 166 Extra"]
[Source "ChessBase"]
[SourceDate "2015.06.18"]
[SourceVersion "1"]
[SourceVersionDate "2015.06.18"]
[SourceQuality "1"]
[WhiteTeam "Andorra"]
[BlackTeam "Malta"]
[WhiteTeamCountry "AND"]
[BlackTeamCountry "MLT"]

1. e4 e5 2. Nc3 Nf6 3. f4 d5 4. fxe5 Nxe4 5. Nf3 Be7 6. Qe2 Nxc3 7. dxc3 0-0 8. Qf2 c5 9. Be3 Qc7 10. 0-0-0 Be6 11. Qg3 Rd8 12. Ng5 Nc6 13. Bf4 Bxg5 14. Qxg5 Ne7 15. h4 Ng6 16. Bh2 h6 17. Qg3 c4 18. Be2 Qa5 19. a3 Rac8 20. Bg4 Nf8 21. Rhf1 d4 22. Rf3 dxc3 23. Rxc3 b5 24. Rxd8 Rxd8 25. Bxe6 Nxe6 26. Qe1 Rd5 27. Re3 Qd8 28. g4 a5 29. Re4 Nd4 30. Bf4 b4 31. axb4 axb4 32. Re3 b3 33. e6 fxe6 34. Rc3 Qa5 35. cxb3 Qa1+ 0-1

[Event "EU Small Countries ol 4th"]
[Site "Saint Peter Port"]
[Date "2015.04.20"]
[Round "3.1"]
[White "Mateu Guiu, Esteve"]
[Black "Kassinopoullos, Doros"]
[Result "1/2-1/2"]
[WhiteElo "2034"]
[BlackElo "2099"]
[PlyCount "62"]
[EventDate "2015.04.19"]
[EventType "team-tourn"]
[EventRounds "9"]
[EventCountry "GCI"]
[SourceTitle "CBM 166 Extra"]
[Source "ChessBase"]
[SourceDate "2015.06.18"]
[SourceVersion "1"]
[SourceVersionDate "2015.06.18"]
[SourceQuality "1"]
[WhiteTeam "Andorra"]
[BlackTeam "Cyprus"]
[WhiteTeamCountry "AND"]
[BlackTeamCountry "CYP"]

1. e4 c5 2. Nf3 Nc6 3. Bb5 g6 4. c3 Bg7 5. d4 cxd4 6. cxd4 Qb6 7. Nc3 Nxd4 8. Nd5 Nxf3+ 9. Qxf3 Qd6 10. Bf4 Be5 11. Bxe5 Qxe5 12. Rc1 Kf8 13. 0-0 Nf6 14. Nc7 Rb8 15. Qa3 a6 16. Qe3 Ng4 17. Qh3 d6 18. Be2 h5 19. Bxg4 Bxg4 20. Qb3 Kg7 21. Qb6 Be6 22. f3 h4 23. Rf2 g5 24. Rfc2 Rhd8 25. Nxe6+ Qxe6 26. Rc7 Rdc8 27. Qd4+ f6 28. Qc3 Rd8 29. Qb4 Rdc8 30. Qc3 Rd8 31. Qb4 Rdc8 1/2-1/2

[Event "Catalunya-chT"]
[Site "Catalunya"]
[Date "2014.03.29"]
[Round "10.4"]
[White "Fernandez Muixi, Francesco"]
[Black "Mateu Guiu, Esteve"]
[Result "0-1"]
[WhiteElo "2134"]
[BlackElo "2079"]
[PlyCount "72"]
[EventDate "2014.01.25"]
[EventType "team"]
[EventRounds "11"]
[EventCountry "ESP"]
[SourceTitle "EXT 2015"]
[Source "ChessBase"]
[SourceDate "2014.11.20"]
[SourceVersion "1"]
[SourceVersionDate "2014.11.20"]
[SourceQuality "1"]
[WhiteTeam "Reus Deportiu"]
[BlackTeam "Andorra"]
[WhiteTeamCountry "ESP"]
[BlackTeamCountry "AND"]

1. e4 c5 2. Nf3 Nc6 3. d4 cxd4 4. Nxd4 g6 5. Nc3 Bg7 6. Be3 Nf6 7. Bc4 0-0 8. Bb3 d6 9. f3 Bd7 10. Qd2 Nxd4 11. Bxd4 b5 12. a4 b4 13. Nd5 Nxd5 14. Bxg7 Kxg7 15. Bxd5 Rc8 16. 0-0 Qa5 17. Kh1 Rc5 18. Bb3 Rfc8 19. f4 Be6 20. Qd4+ Kg8 21. f5 Bxb3 22. cxb3 Rc2 23. Qe3 Qe5 24. Qf3 f6 25. fxg6 hxg6 26. Rad1 R8c5 27. Qg4 Kf7 28. h4 Rxb2 29. Rd3 Rc3 30. Rdf3 Rbxb3 31. Rf5 gxf5 32. exf5 Ke8 33. Qg8+ Kd7 34. Qa8 Rh3+ 35. gxh3 Rxh3+ 36. Kg2 Qh2# 0-1

[Event "Catalunya-chT"]
[Site "Catalunya"]
[Date "2014.03.08"]
[Round "7.2"]
[White "Mateu Guiu, Esteve"]
[Black "Garrido Fernandez, Daniel"]
[Result "1/2-1/2"]
[WhiteElo "2079"]
[BlackElo "2262"]
[PlyCount "85"]
[EventDate "2014.01.25"]
[EventType "team"]
[EventRounds "11"]
[EventCountry "ESP"]
[SourceTitle "EXT 2015"]
[Source "ChessBase"]
[SourceDate "2014.11.20"]
[SourceVersion "1"]
[SourceVersionDate "2014.11.20"]
[SourceQuality "1"]
[WhiteTeam "Andorra"]
[BlackTeam "Foment Martinenc"]
[WhiteTeamCountry "AND"]
[BlackTeamCountry "ESP"]

1. e4 c5 2. Nf3 g6 3. d4 cxd4 4. Nxd4 Nc6 5. Nc3 Bg7 6. Be3 Nf6 7. Bc4 0-0 8. Bb3 a5 9. 0-0 Nxd4 10. Bxd4 d6 11. Re1 Bd7 12. Nd5 a4 13. Nxf6+ exf6 14. Bd5 Qc7 15. Re3 Rfe8 16. Rc3 Bc6 17. Qf3 Qd7 18. Bxf6 Bxf6 19. Qxf6 Bxd5 20. exd5 Re5 21. Rd1 Ra5 22. Rcd3 Rc5 23. c3 Re2 24. Re3 Rxe3 25. fxe3 Rc4 26. Rd4 Rc8 27. h3 Re8 28. Qf4 Ra8 29. Re4 Qb5 30. Qxd6 Qxb2 31. Qb4 Qxa2 32. Qxb7 Rd8 33. c4 a3 34. Rf4 Rf8 35. d6 Qd2 36. Qa7 Qxd6 37. c5 Qd3 38. c6 a2 39. Qxa2 Qxe3+ 40. Rf2 Qc1+ 41. Kh2 Qxc6 42. Rf3 Qe6 43. Qb2 1/2-1/2

[Event "Catalunya-chT"]
[Site "Catalunya"]
[Date "2014.03.01"]
[Round "6.4"]
[White "Perez Manas, Benjamin"]
[Black "Mateu Guiu, Esteve"]
[Result "0-1"]
[WhiteElo "2290"]
[BlackElo "2079"]
[PlyCount "46"]
[EventDate "2014.01.25"]
[EventType "team"]
[EventRounds "11"]
[EventCountry "ESP"]
[SourceTitle "EXT 2015"]
[Source "ChessBase"]
[SourceDate "2014.11.20"]
[SourceVersion "1"]
[SourceVersionDate "2014.11.20"]
[SourceQuality "1"]
[WhiteTeam "Barbera"]
[BlackTeam "Andorra"]
[WhiteTeamCountry "ESP"]
[BlackTeamCountry "AND"]

1. e4 c5 2. Nf3 Nc6 3. d4 cxd4 4. Nxd4 g6 5. c4 Nf6 6. Nc3 d6 7. Be2 Nxd4 8. Qxd4 Bg7 9. 0-0 0-0 10. Bg5 Qa5 11. Qd2 Be6 12. Rac1 Rfc8 13. b3 a6 14. Rfd1 b5 15. Nd5 Qxd2 16. Bxd2 Nxd5 17. exd5 Bd7 18. Ba5 Rab8 19. Kf1 b4 20. c5 dxc5 21. d6 Kf8 22. dxe7+ Kxe7 23. Rxd7+ Kxd7 0-1

[Event "Catalunya-chT"]
[Site "Catalunya"]
[Date "2014.02.08"]
[Round "3.2"]
[White "Codina Garcia, Jose"]
[Black "Mateu Guiu, Esteve"]
[Result "0-1"]
[WhiteElo "2119"]
[BlackElo "2079"]
[PlyCount "94"]
[EventDate "2014.01.25"]
[EventType "team"]
[EventRounds "11"]
[EventCountry "ESP"]
[SourceTitle "CBM 158 Extra"]
[Source "ChessBase"]
[SourceDate "2014.02.28"]
[SourceVersion "1"]
[SourceVersionDate "2014.02.28"]
[SourceQuality "1"]
[WhiteTeam "Lleida"]
[BlackTeam "Andorra"]
[WhiteTeamCountry "ESP"]
[BlackTeamCountry "AND"]

1. d4 Nf6 2. c4 c5 3. e3 d6 4. Nc3 g6 5. Nf3 Bg7 6. Be2 0-0 7. 0-0 a6 8. b3 Bg4 9. Bb2 Nc6 10. d5 Bxf3 11. Bxf3 Ne5 12. Be2 Qa5 13. f4 Ned7 14. Qc2 Rfe8 15. e4 e6 16. dxe6 Rxe6 17. Bf3 Rae8 18. Rfd1 Qc7 19. g3 Nb8 20. Nd5 Nxd5 21. cxd5 R6e7 22. Bxg7 Kxg7 23. Qc3+ Kg8 24. Re1 Nd7 25. Rad1 Qb6 26. Kg2 Qb4 27. Qxb4 cxb4 28. Rd4 a5 29. Re2 Rc8 30. e5 Kf8 31. exd6 Rxe2+ 32. Bxe2 Nf6 33. Rc4 Rxc4 34. Bxc4 Ne4 35. Kf3 Nxd6 36. Bd3 Ke7 37. Ke3 Ne8 38. Kd4 Kd6 39. Be2 Nc7 40. Bf3 Nb5+ 41. Kc4 Na3+ 42. Kd4 Nb1 43. Bg2 Nc3 44. a4 b5 45. axb5 Nxb5+ 46. Kc4 Na3+ 47. Kd4 Nc2+ 0-1

[Event "Mediterranean-ch U20"]
[Site "Chania"]
[Date "2010.09.07"]
[Round "9"]
[White "Mateu Guiu, Esteve"]
[Black "Komninos, Haralambos"]
[Result "1-0"]
[WhiteElo "1861"]
[BlackElo "1715"]
[PlyCount "81"]
[EventDate "2010.09.01"]
[EventType "swiss"]
[EventRounds "9"]
[EventCountry "GRE"]
[SourceTitle "CBM 138 Extra"]
[Source "ChessBase"]
[SourceDate "2010.10.29"]
[SourceVersion "1"]
[SourceVersionDate "2010.10.29"]
[SourceQuality "1"]

1. e4 c5 2. Nf3 d6 3. d4 cxd4 4. Nxd4 Nf6 5. Nc3 a6 6. f3 e5 7. Nb3 Be6 8. Be3 Nc6 9. Nd5 Bxd5 10. exd5 Na5 11. Qd2 Nxb3 12. axb3 Be7 13. g4 Nd7 14. 0-0-0 Rc8 15. Kb1 h6 16. f4 b5 17. Bd3 Rb8 18. Rhe1 b4 19. Bf5 Rb7 20. Bf2 0-0 21. g5 h5 22. g6 fxg6 23. Bxg6 Rxf4 24. Rg1 Nf6 25. Qe2 Qc8 26. Be3 Rg4 27. Bxh5 Rxg1 28. Rxg1 Nxh5 29. Qxh5 Bf6 30. Qg6 Qf8 31. h4 Qf7 32. Qe4 Rb5 33. Bg5 Bxg5 34. hxg5 Qxd5 35. Qh4 Qd4 36. Qh2 Qf4 37. Qh5 Rc5 38. Rh1 Kf8 39. Qg6 Qf7 40. Qxd6+ Qe7 41. Rh8+ 1-0

[Event "Mediterranean-ch U20"]
[Site "Chania"]
[Date "2010.09.03"]
[Round "5"]
[White "Mateu Guiu, Esteve"]
[Black "Hnaras, Foivos"]
[Result "1/2-1/2"]
[WhiteElo "1861"]
[BlackElo "1551"]
[PlyCount "69"]
[EventDate "2010.09.01"]
[EventType "swiss"]
[EventRounds "9"]
[EventCountry "GRE"]
[SourceTitle "CBM 138 Extra"]
[Source "ChessBase"]
[SourceDate "2010.10.29"]
[SourceVersion "1"]
[SourceVersionDate "2010.10.29"]
[SourceQuality "1"]

1. e4 e5 2. Nc3 Nf6 3. f4 d6 4. Nf3 Nc6 5. Bb5 exf4 6. d4 a6 7. Bxc6+ bxc6 8. Bxf4 Bg4 9. 0-0 Be7 10. Qd3 0-0 11. Bg3 h6 12. Nh4 Nh5 13. Nf5 Bxf5 14. Rxf5 Nxg3 15. Qxg3 Rb8 16. b3 Bf6 17. Ne2 c5 18. Raf1 Bxd4+ 19. Nxd4 cxd4 20. Qd3 Qe8 21. Qxd4 Qc6 22. Qd3 Rb5 23. Rxb5 Qxb5 24. Qxb5 axb5 25. a4 bxa4 26. bxa4 Ra8 27. Ra1 Ra5 28. Kf2 Kf8 29. Ke3 c5 30. Kf4 Ke7 31. h4 Kf6 32. g4 g5+ 33. hxg5+ hxg5+ 34. Ke3 Ke5 35. c4 1/2-1/2